000 00304nam a22001337a 4500
005 20230602104653.0
008 230602b |||||||| |||| 00| 0 eng d
020 _a9770972686007
041 _aeng
245 _aAPPLIED ECONOMICS
260 _aIUP PUBLICATION
650 _aMANAGEMENT
_97857
942 _cJRL
999 _c8317
_d8315